000 00626nam a2200193Ia 4500
003 GCL
008 140319s9999 xx 000 0 ara d
020 _a2079244977
040 _aGCL /
_cGCL
082 0 4 _a370.154
_bن د
100 1 _aنبيل محمد زايد
245 1 0 _aالدافعية والتعلم /
_cنبيل محمد زايد
260 _aالقاهرة :
_bمكتبة النهضة المصرية ،
_c2002
300 _a224 ص ؛
_c24 سم
650 0 4 _aالتعليم - اغراضه واهدافه
650 0 4 _aالتعليم - برامج
650 0 4 _aالتعليم - علم نفس
942 _2ddc
_cBK
999 _c6244
_d6244